000 00898 a2200241 4500
003 UA-OsUOA
005 20210526152014.0
008 210520b un ||||| |||| 00| 0 ukr d
020 _a9789662534337
040 _aUA-OsUOA
_bukr
_cUA-OsUOA
_dUA-OsUOA
041 _aukr
080 _a821.161.2
090 _a821.161.2
_bП19
100 _aПасічник М.
245 _aУ вільх цих кров моєї групи
_bлірика
_cМихайло Пасічник
260 _bПП "Євенок О. О."
_c2012
_aЖитомир
300 _a296 с.
590 _aПасічник М.
650 _2UDC
_a821 Художня література окремими мовами і мовними сім'ями
942 _cBK
_2udc
955 _a3
999 _c570551
_d570551